Houses
| Main Author: | |
|---|---|
| Format: | Section = Libro |
| Language: | Undetermined Spanish |
| Published: |
Barcelona
MONSA
[s.f.]
|
| Subjects: |
| LEADER | 00582nam a2200217Ia 4500 | ||
|---|---|---|---|
| 008 | 240829s9999 xx 000 0 und d | ||
| 020 | |a 94-86426-51-0 | ||
| 040 | |a BIBLIOTECA-RUSB/ Ref 728 B874 | ||
| 041 | |a spa | ||
| 082 | |a Ref 728 B874 | ||
| 100 | 1 | |a Broto, Carles | |
| 245 | 1 | 0 | |a Houses |
| 260 | |a Barcelona |b MONSA |c [s.f.] | ||
| 300 | |a 239 p. :il. | ||
| 650 | 7 | |a EDIFICIOS RESIDENCIALES | |
| 650 | 7 | |b VIVIENDAS UNIFAMILIARES | |
| 650 | 7 | |c VIVIENDAS PARA PROPOSITOS ESPECIALES | |
| 650 | 7 | |d VIVIENDAS PRIVADAS GRANDES Y LUJOSAS | |
| 942 | |c BK |2 ddc | ||
| 991 | |a TEXTO | ||
| 999 | |c 6538 | ||